Αρχές ενόργανης ανάλυσης
Saved in:
| Main Author: | |
|---|---|
| Other Authors: | , |
| Format: | Book |
| Language: | Greek |
| Published: |
Αθήνα:
Κωσταράκης,
2018.
|
| Edition: | 7η έκδ. |
| Subjects: | |
| Tags: |
Add Tag
No Tags, Be the first to tag this record!
|
MARC
| LEADER | 00000nam a2200000 a 4500 | ||
|---|---|---|---|
| 001 | 1/125897 | ||
| 008 | 230117s2018####gr | ||| |||| ||gre|| | ||
| 020 | |a 9786185295066 | ||
| 040 | |a GR-MyUa |b gre |c GR-MyUa |e AACR2 | ||
| 041 | 1 | |a gre | |
| 082 | 7 | |a 543 |2 (23) | |
| 100 | 1 | |a Skoog, Douglas A. | |
| 245 | 1 | 0 | |a Αρχές ενόργανης ανάλυσης / |c Douglas A. Skoog, F. James Holler, Stanley R. Crouch ; μετάφραση και γλωσσική επιμέλεια: Μιλτιάδης Ι. Καραγιάννης , Κωνσταντίνος Ηλ. Ευσταθίου. |
| 250 | |a 7η έκδ. | ||
| 260 | |a Αθήνα: |b Κωσταράκης, |c 2018. | ||
| 300 | |a xxi, 1118 σ. : |b σχ.; |c 29 εκ. | ||
| 504 | |a Περιέχει ευρετήριο ονομάτων, όρων και αρκτικόλεξων στην αγγλική. | ||
| 650 | 0 | |a Instrumental analysis |x Textbooks. | |
| 700 | 1 | |a Holler, F. James. | |
| 700 | 1 | |a Crouch, Stanley R. | |
| 852 | |a INST |b LESVOS |c EUDOXUS |e 20230117 |h 543 SKO |p 005100064871 |q 005100064871 |t EDX |y 0 | ||
| 920 | |a Εύδοξος |b Παραγγελία |y Λέσβος-ΤΩΘΒ |z 2023-01 | ||
| 970 | |a Δημάκη |b Μαρία |z 17-01-2023 | ||